No et quedis a casa! : l'accessibilitat a la Xarxa de Parcs Naturals l'accessibilitat a la Xarxa de Parcs Naturals
Publicado:
Barcelona :
Diputació de Barcelona. Àrea de Territori i Sostenibilitat. Gerència de Serveis d'Espais Naturals : Obra Social "la Caixa" ,
2014
Descripción Física:
1 tríptic ; 21 cm
Colección:
Benvinguts al parc
MARC
| LEADER | 00000nam a2200000Ia 4500 | ||
|---|---|---|---|
| 001 | 23949 | ||
| 008 | 160829s2014 xx 000 0 cat d | ||
| 080 | |a FU-62-98 | ||
| 245 | |a No et quedis a casa! : |b l'accessibilitat a la Xarxa de Parcs Naturals | ||
| 260 | |a Barcelona : |b Diputació de Barcelona. Àrea de Territori i Sostenibilitat. Gerència de Serveis d'Espais Naturals : |b Obra Social "la Caixa", |c 2014 | ||
| 300 | |a 1 tríptic ; |c 21 cm | ||
| 490 | |a Benvinguts al parc | ||
| 650 | 0 | |a Parcs Naturals |z Barcelona (Catalunya : Província) |9 49557 | |
| 650 | |a Excursionisme |x Barcelona (Província) |9 49654 | ||
| 710 | 1 | |a Barcelona (Catalunya : Província). |b Gerència de Serveis d’Espais Naturals |9 52730 | |
| 710 | 1 | |a Fundació la Caixa. |b Obra Social |9 52754 | |
| 901 | |a Arxiu | ||
| 942 | |n 1 | ||
| 952 | |0 0 |1 0 |4 0 |6 FU6298 |7 1 |9 55828 |a Arxiu |b Arxiu |d 2016-12-01 |l 0 |o FU-62-98 |p 23949 |r 2016-12-01 00:00:00 |w 2016-12-01 |y ARXIU | ||
| 999 | |c 59701 |d 59701 | ||